World Chess Champions and Candidates - Statistics

General Stats
  • This quiz has been taken 13 times
  • The average score is 22 of 44
Answer Stats
Answer % Correct
Garry Kasparov
100%
Gukesh Dommaraju
100%
Magnus Carlsen
100%
Anatoly Karpov
92%
Bobby Fischer
92%
Viswanathan Anand
92%
Ding Liren
83%
Ian Nepomniachtchi
83%
Boris Spassky
75%
Fabiano Caruana
75%
José Raúl Capablanca
75%
Mikhail Tal
75%
Vladimir Kramnik
75%
Veselin Topalov
67%
Emanuel Lasker
58%
Sergey Karjakin
58%
Tigran Petrosian
58%
Boris Gelfand
50%
Peter Leko
50%
Alexander Alekhine
42%
Max Euwe
42%
Mikhail Botvinnik
42%
Nigel Short
42%
Vasyl Ivanchuk
42%
Wilhelm Steinitz
42%
Alexander Khalifman
33%
David Bronstein
33%
Frank Marshall
33%
Michael Adams
33%
Vasily Smyslov
33%
Viktor Korchnoi
33%
Alexei Shirov
25%
Dawid Janowski
25%
Gata Kamsky
25%
Jan Timman
25%
Johannes Zukertort
25%
Ruslan Ponomariov
25%
Rustam Kasimdzhanov
25%
Siegbert Tarrasch
25%
Efim Bogoljubow
17%
Mikhail Chigorin
17%
Vladimir Akopian
17%
Carl Schlechter
8%
Isidor Gunsberg
8%
No matching quizzes found
Score Distribution
Percent of People with Each Score
Percentile by Number Answered
Your Score History
You have not taken this quiz